| 000 | 01287cam a22003254a 4500 | ||
|---|---|---|---|
| 001 | 12268119 | ||
| 005 | 20160825101444.0 | ||
| 008 | 010102s2009 enka |rb 001 0 eng | ||
| 010 | _a 2001016408 | ||
| 020 | _a0321417453 | ||
| 020 | _a9780321417459 | ||
| 040 |
_aDLC _cDLC _dDLC |
||
| 042 | _apcc | ||
| 050 | 0 | 0 |
_aQA76.54 _b.B87 2001 |
| 082 | 0 | 0 |
_a004.33 _222 _bBUR |
| 100 | 1 |
_aBurns, Alan, _d1953- _923168 |
|
| 245 | 1 | 0 |
_aReal-Time Systems and Programming Languages : _bAda 95, Real-Time Java, and C/Real-Time POSIX / _cAlan Burns and Andy Wellings. |
| 250 | _a4th ed. | ||
| 260 |
_aLondon ; _aNew York : _bAddison-Wesley, 2009 _c2009 |
||
| 300 |
_axviii, 602 p. : _bill. ; _c24 cm. |
||
| 490 |
_918609 _aInternational computer science series |
||
| 504 | _aIncludes bibliographical references (p.p. 579-586) and index. | ||
| 650 | 0 |
_aReal-time programming. _923170 |
|
| 650 | 0 |
_aProgramming languages (Electronic computers) _923171 |
|
| 650 | 0 |
_923169 _aReal-time data processing |
|
| 700 | 1 |
_aWellings, Andrew J. _923172 |
|
| 856 | 4 | 1 |
_3Table of contents _uhttp://www.loc.gov/catdir/toc/fy022/2001016408.html |
| 942 |
_2ddc _cNB |
||
| 999 |
_c15142 _d15142 |
||